El plan infinito

Αποθηκεύτηκε σε:
Λεπτομέρειες βιβλιογραφικής εγγραφής
Κύριος συγγραφέας: Allende, Isabel, 1942- (autora)
Μορφή: Βιβλίο
Γλώσσα:Ισπανικά
Έκδοση: Buenos Aires Sudamericana 2003
Έκδοση:3a. ed
Θέματα:
Ετικέτες: Προσθήκη ετικέτας
Δεν υπάρχουν, Καταχωρήστε ετικέτα πρώτοι!

MARC

LEADER 00000nam a2200000 a 4500
001 UCL0962
003 CL-VaPUC
008 030825e20030000AG |||||||||||||||||spa|d
020 |a 9500718391 
082 0 4 |a Ch863  |b ALL  |2 21 
100 |a Allende, Isabel,  |d 1942-  |e autora  |9 318389 
245 1 3 |a El plan infinito 
250 |a 3a. ed 
300 |a 410 p 
942 |c BK 
945 |d 20030825 00:00:00  |a cmena 
260 |a Buenos Aires  |b Sudamericana  |c 2003 
650 0 |a Novelas chilenas   |9 265425 
650 0 |a Literatura chilena   |9 308278 
583 |a last modification  |c 20030825 00:00:00  |k Rodrigo Vera 
999 |c 304680  |d 304678 
952 |0 0  |1 0  |4 0  |6 CH_863_000000000000000_ALL_2003  |7 0  |8 A  |9 367328  |a BIBEDU  |b BIBEDU  |c ES_NOD  |d 2019-11-21  |i 3934799  |l 2  |o Ch863 ALL 2003  |p 3934799  |r 2024-03-15  |s 2024-03-07  |w 2019-11-21  |y BK  |k LIT